000 00539nam a22001817a 4500
003 BDDh-ASL
005 20231015031102.0
008 221229s1925 ii ||||| |||| 00| 0 a d
040 _aBDDh-ASL
_cBDDh-ASL
041 _aara
082 _a297
_bSHA
245 0 0 _aSharḥul 'Aqaidun Nasafiyah : / شرح العقاىد النسفيه
246 _aMusallamuth Thubūt : / مسلم الثبوت
260 _aKanpur :
_bQaiumi Press ,
_c1925/1347 H.
300 _a132 p. :
650 0 _a Islamic Discourse
_95142
942 _2ddc
_cBK
999 _c29908
_d29908